000 00364nam a2200157Ia 4500
008 151213s9999 xx 000 0 und d
100 _aD. M. Low
245 _aEssays and Studies
_cD. M. Low
250 _a1st
260 _aLondon
_bJohn Murry
_c1955
300 _a6549 p.
650 _aLiterature
650 _aLiterature
700 _aD. M. Low
999 _c3631
_d3631